| Tag |
First Indicator |
Second Indicator |
Subfields |
| LEADER |
00000cam a2200000 a 4500 |
| 001 |
in00000959310 |
| 005 |
20150927072644.0 |
| 007 |
hd afv|||baca |
| 008 |
851223s1689 miu a 00010 eng d |
| 035 |
|
|
|a (OCoLC)12950775
|
| 035 |
|
|
|9 AEV1925AM
|
| 037 |
|
|
|a CL0037000022
|b UMI
|
| 037 |
|
|
|b University Microfilms International, 300 N. Zeeb Road, Ann Arbor, MI 48106.
|
| 040 |
|
|
|a EAA
|c EAA
|d m/c
|d EAA
|d UtOrBLW
|
| 041 |
1 |
|
|a eng
|h lat
|
| 043 |
|
|
|a e-uk-en
|
| 049 |
|
|
|a TXAI
|
| 099 |
|
|
|a film
|a B
|a 3609
|
| 100 |
1 |
|
|a Cicero, Marcus Tullius.
|
| 240 |
1 |
0 |
|a Pro Marcello.
|l English
|
| 245 |
1 |
4 |
|a The oration of Cicero for M. Marcellus /
|c done into English ; with an appendix relating to the Prince of Orange.
|
| 264 |
|
3 |
|a London :
|b Printed for Walter Kettilby ...,
|c 1689.
|
| 300 |
|
|
|a 2 unnumbered pages, 32 pages, 2 unnumbered pages, 31 pages
|
| 336 |
|
|
|a text
|b txt
|2 rdacontent
|
| 337 |
|
|
|a microform
|b h
|2 rdamedia
|
| 338 |
|
|
|a microfilm reel
|b hd
|2 rdacarrier
|
| 500 |
|
|
|a Translation of: Pro Marcello.
|
| 500 |
|
|
|a Errata: page 31.
|
| 500 |
|
|
|a Added title page and separate paging (31, [2] pages): An appendix to the translation of Tully's panegyrick on Julius Caesar for his restauration of M. Marcellus, relating to the Prince of Orange.
|
| 500 |
|
|
|a Advertisement: pages [1]-[2] at end.
|
| 500 |
|
|
|a Reproduction of original in Huntington Library.
|
| 510 |
4 |
|
|a Wing
|c C4314
|
| 533 |
|
|
|a Microfilm.
|b Ann Arbor, Mich. :
|c University Microfilms,
|d 1977.
|e 1 microfilm reel. 35 mm.
|f (Early English books, 1641-1700 ; 733:38)
|
| 500 |
|
|
|a Microform.
|
| 600 |
0 |
0 |
|a William
|b III,
|c King of England,
|d 1650-1702.
|
| 600 |
1 |
0 |
|a Marcellus, Marcus Claudius,
|d -45 B.C.
|
| 830 |
|
0 |
|a Early English books, 1641-1700 ;
|v 733:38.
|
| 999 |
|
|
|a MARS
|
| 999 |
f |
f |
|s 78783450-52d5-37fc-bf7e-130b2abdbd5f
|i e9a733bd-d2b2-3c36-98a8-58468e298f2b
|t 0
|
| 952 |
f |
f |
|p default
|a Texas A&M University
|b College Station
|c Sterling C. Evans Library
|d Evans: Microforms (3rd floor)
|t 0
|e film B 3609 733:38
|h Other scheme
|i microform -- microfilm reel
|
| 998 |
f |
f |
|a film B 3609 733:38
|t 0
|l Evans: Microforms (3rd floor)
|